Stade de la ligue 1 2022/2023 - Statistiques

Statistiques générales
  • Ce quiz a été pris 1 051 fois
  • Le résultat moyen est 7 sur 20
Statistiques - réponses
Club stade % Correct
Paris Saint-Germain Parc des Princes
89%
Olympique de Marseille Orange Vélodrome
70%
Olympique Lyonnais Groupama Stadium
63%
AS Monaco Stade Louis-II
45%
OGC Nice Allianz Riviera
44%
FC Nantes Stade de la Beaujoire
41%
Stade Rennais Roazhon Park
36%
Lille OSC Stade Pierre-Mauroy
32%
Angers SCO Stade Raymond-Kopa
32%
RC Strasbourg Stade de la Meinau
30%
Montpellier HSC Stade de la Mosson
30%
Stade Brestois Stade Francis-Le Blé
25%
ESTAC Troyes Stade de l'Aube
23%
FC Lorient Stade du Moustoir
23%
Toulouse FC Stadium de Toulouse
23%
RC Lens Stade Bollaert-Delelis
22%
AJ Auxerre Stade de l'Abbé-Deschamps
21%
Stade de Reims Stade Auguste-Delaune
18%
Clermont Foot Stade Gabriel-Montpied
14%
AC Ajaccio Stade François-Coty
11%
Aucun quiz correspondant
Distribution des résultats
% des personnes avec chaque résultat
Percentile par nombre de réponses
Votre historique - résultats
Vous n’avez pas pris ce quiz